Folklore in early Chuwash poetry

Elmentve itt :
Bibliográfiai részletek
Szerző: Zahemszky László
Dokumentumtípus: Cikk
Megjelent: Akadémiai Kiadó ; John Benjamins B. V. [Budapest] ; [Amsterdam] 1978
Sorozat:Neohelicon : acta comparationis litterarum universarum
Kulcsszavak:Népköltészet - csuvas
Tárgyszavak:
Online Access:http://misc.bibl.u-szeged.hu/65273
LEADER 00845nab a2200229 i 4500
001 misc65273
005 20230210153018.0
008 220829s1978 hu o 0|| eng d
040 |a SZTE Miscellanea Repozitórium  |b hun 
041 |a eng 
041 |a chv 
100 1 |a Zahemszky László 
245 1 0 |a Folklore in early Chuwash poetry  |h [elektronikus dokumentum] /  |c  Zahemszky László 
260 |a Akadémiai Kiadó ; John Benjamins B. V.  |b [Budapest] ; [Amsterdam]  |c 1978 
300 |a 269-291  |c 19 cm 
490 0 |a Neohelicon : acta comparationis litterarum universarum 
561 |a Németh Gyula hagyaték 
591 |a NOA 6478; XKEK 1868; OA 7023 
650 4 |a Bölcsészettudományok 
650 4 |a Nyelvek és irodalom 
695 |a Népköltészet - csuvas 
856 4 0 |u http://misc.bibl.u-szeged.hu/65273/1/7023_oa.pdf  |z Dokumentum-elérés